Design of concrete structures (Record no. 3622)

000 -LEADER
fixed length control field 00547nam a22002057a 4500
001 - CONTROL NUMBER
control field 3622
003 - CONTROL NUMBER IDENTIFIER
control field BD-DhUET
008 - FIXED-LENGTH DATA ELEMENTS--GENERAL INFORMATION
fixed length control field 141102b xxu||||| |||| 00| 0 eng d
040 ## - CATALOGING SOURCE
Transcribing agency 0
Modifying agency BD-DhUET
082 ## - DEWEY DECIMAL CLASSIFICATION NUMBER
Classification number 624.183
Item number WIN/1972
100 ## - MAIN ENTRY--PERSONAL NAME
Personal name Winter, George
245 ## - TITLE STATEMENT
Title Design of concrete structures
Statement of responsibility, etc. by George Winter and Arthur H. Nilson
250 ## - EDITION STATEMENT
Edition statement 8th ed.
260 ## - PUBLICATION, DISTRIBUTION, ETC. (IMPRINT)
Place of publication, distribution, etc. New York
Name of publisher, distributor, etc. McGraw-Hill
Date of publication, distribution, etc. 1972
300 ## - PHYSICAL DESCRIPTION
Extent xii,615p.
504 ## - BIBLIOGRAPHY, ETC. NOTE
Bibliography, etc Includes bibliographies
650 #0 - SUBJECT ADDED ENTRY--TOPICAL TERM
Topical term or geographic name as entry element Reinforced concrete
700 ## - ADDED ENTRY--PERSONAL NAME
Personal name Nilson, Arthur H.
942 ## - ADDED ENTRY ELEMENTS (KOHA)
Koha item type General Book
Holdings
Piece designation (barcode) Not for loan Source of classification or shelving scheme Price effective from Damaged status Koha full call number Koha normalized classification for sorting Lost status Copy number Date acquired Koha item type Withdrawn status Koha issues (times borrowed) Koha date last borrowed Shelving location Koha date last seen Sublocation or collection (holding branch) Location (home branch)
39870  2014-11-02 624.183/WIN/1972624_183000000000000_WIN_1972 12014-11-02General Book 22025-05-26Circulation section2025-06-18Central Library, BUETCentral Library, BUET
44253  2014-11-02 624.183/WIN/1972624_000000000000000_183WIN1972 22014-11-02General Book 12025-05-26Circulation section2025-05-28Central Library, BUETCentral Library, BUET
39869  2014-11-18 624.183/WIN/1972624_000000000000000_183WIN1972 32014-11-18General Book   Circulation section2014-11-18Central Library, BUETCentral Library, BUET
39871  2014-11-18 624.183/WIN/1972624_000000000000000_183WIN1972 42014-11-18General Book   Circulation section2014-11-18Central Library, BUETCentral Library, BUET
42844  2015-02-22 624.183/WIN/1972624_183000000000000_WIN_1972 52015-02-22General Book 22025-05-27Circulation section2025-06-28Central Library, BUETCentral Library, BUET
54930  2015-02-22 624.183/WIN/1972624_183000000000000_WIN_1972 62015-02-22General Book   Circulation section2015-02-22Central Library, BUETCentral Library, BUET
45112  2015-05-07 624.183/WIN/1972624_183000000000000_WIN_1972 72015-05-07General Book 12025-05-26Circulation section2025-05-27Central Library, BUETCentral Library, BUET